UM Logo

Courts, Politics and Constitutional Law : (Record no. 16732)

MARC details
000 -LEADER
fixed length control field 00492nam a2200145 4500
008 - FIXED-LENGTH DATA ELEMENTS--GENERAL INFORMATION
fixed length control field 220315b ||||| |||| 00| 0 eng d
020 ## - INTERNATIONAL STANDARD BOOK NUMBER
International Standard Book Number 9781032087214
082 ## - DEWEY DECIMAL CLASSIFICATION NUMBER
Edition number 2021
Classification number DC 342
Item number B418
100 ## - MAIN ENTRY--PERSONAL NAME
Personal name Belov, Martin.
9 (RLIN) 44742
245 ## - TITLE STATEMENT
Title Courts, Politics and Constitutional Law :
Remainder of title Judicialization of Politics and Politicization of the Judiciary /
Medium Martin Belov.
300 ## - PHYSICAL DESCRIPTION
Extent x, 254 pages ;
Dimensions 23 cm.
500 ## - GENERAL NOTE
General note Includes index.
650 ## - SUBJECT ADDED ENTRY--TOPICAL TERM
Topical term or geographic name as entry element Constitutional law.
9 (RLIN) 37272
942 ## - ADDED ENTRY ELEMENTS (KOHA)
Source of classification or shelving scheme Dewey Decimal Classification
Koha item type Circulation
Holdings
Withdrawn status Lost status Source of classification or shelving scheme Damaged status Not for loan Collection code Home library Current library Date acquired Source of acquisition Cost, normal purchase price Total Checkouts Full call number Barcode Date last seen Price effective from Koha item type
    Dewey Decimal Classification     Circulation UM Digos College - LIC UM Digos College - LIC 02/10/2022 Purchased 5918.00   DC 342 B418 2020 26435 05/15/2025 03/15/2022 Circulation